000 01256cam a22003254a 4500
001 12668479
003 OSt
005 20240725122756.0
008 020205s2002 oru b 001 0 eng
010 _a 2002020817
020 _a0714651923 (cloth)
020 _a0714681946 (paper)
040 _aDLC
_cDLC
_dDLC
042 _apcc
050 0 0 _aJZ6368
_b.I585 2002
082 0 0 _a341.5/84
_221
245 0 0 _aInternational intervention :
_bsovereignty versus responsibility /
_cedited by Michael Keren and Donald A. Sylvan.
260 _aPortland, OR :
_bF. Cass,
_c2002.
300 _axi, 191 p. ;
_c24 cm.
504 _aIncludes bibliographical references and index.
650 0 _aIntervention (International law)
_vCongresses.
650 0 _aSovereignty, Violation of
_vCongresses.
650 0 _aHumanitarian intervention
_vCongresses.
700 1 _aKeren, Michael.
700 1 _aSylvan, Donald A.
856 4 2 _3Publisher description
_uhttp://www.loc.gov/catdir/enhancements/fy0652/2002020817-d.html
906 _a7
_bcbc
_corignew
_d1
_eocip
_f20
_gy-gencatlg
942 _2lcc
_cBK
_n0
999 _c19237
_d19237